[Event "CRO-chT2 West"]
[Site "Croatia"]
[Date "2010.03.28"]
[Round "2.32"]
[White "Belamaric, Goran"]
[Black "Orenda, Omar"]
[Result "0-1"]
[WhiteElo "2251"]
[BlackElo "2146"]
[PlyCount "48"]
[EventDate "2010.03.27"]
[EventType "team-tourn"]
[EventRounds "9"]
[EventCountry "CRO"]
[SourceTitle "EXT 2012"]
[Source "ChessBase"]
[SourceDate "2011.11.24"]
[SourceVersion "1"]
[SourceVersionDate "2011.11.24"]
[SourceQuality "1"]

1. e4 c5 2. g3 d5 3. exd5 Qxd5 4. Nf3 Bg4 5. Bg2 Qe4+ 6. Kf1 Nc6 7. Nc3 Qe6 8. h3 Bh5 9. d3 Nf6 10. Be3 c4 11. g4 Bg6 12. Ng5 Qe5 13. d4 Qa5 14. Qe2 Qb4 15. Rb1 h6 16. a3 Qa5 17. Qxc4 Rc8 18. Nge4 Nxe4 19. Nxe4 e6 20. b4 Qd8 21. Nc5 Bxc5 22. bxc5 0-0 23. Rb2 b6 24. Qa6 Nxd4 0-1

[Event "Mediterranean op 3rd"]
[Site "Rijeka"]
[Date "2009.11.30"]
[Round "4"]
[White "Plenca, Julian"]
[Black "Orenda, Omar"]
[Result "1-0"]
[WhiteElo "2317"]
[BlackElo "2132"]
[PlyCount "63"]
[EventDate "2009.11.27"]
[EventType "swiss"]
[EventRounds "9"]
[EventCountry "CRO"]
[SourceTitle "CBM 133 Extra"]
[Source "ChessBase"]
[SourceDate "2010.01.05"]
[SourceVersion "1"]
[SourceVersionDate "2010.01.05"]
[SourceQuality "1"]

1. e4 c5 2. Nf3 Nf6 3. e5 Nd5 4. d4 cxd4 5. c4 Nc7 6. Qxd4 Nc6 7. Qe4 Ne6 8. Be3 g6 9. Nc3 Bg7 10. 0-0-0 Qc7 11. Rd5 b6 12. Rb5 Ba6 13. h4 h6 14. Kb1 Rc8 15. Rd5 Bb7 16. a3 Ncd8 17. Be2 Bxd5 18. cxd5 Nc5 19. Qf4 a6 20. Bd4 b5 21. Bd1 Qb8 22. b4 Ncb7 23. Bb3 0-0 24. h5 d6 25. hxg6 fxg6 26. Qg4 Rxf3 27. gxf3 dxe5 28. d6+ e6 29. Qxg6 Qxd6 30. Ne4 Qe7 31. Bxe5 Kf8 32. Rg1 1-0

[Event "Rijeka ZNG111 op 11th"]
[Site "Rijeka"]
[Date "2008.01.12"]
[Round "4"]
[White "Orenda, Omar"]
[Black "Dubrovic, Mihovil"]
[Result "1-0"]
[WhiteElo "2120"]
[BlackElo "1665"]
[PlyCount "95"]
[EventDate "2008.01.09"]
[EventType "swiss"]
[EventRounds "7"]
[EventCountry "CRO"]
[SourceTitle "CBM 122 Extra"]
[Source "ChessBase"]
[SourceDate "2008.03.04"]
[SourceVersion "1"]
[SourceVersionDate "2008.03.04"]
[SourceQuality "1"]

1. c4 e5 2. Nc3 Nf6 3. Nf3 d6 4. d4 exd4 5. Nxd4 b6 6. e4 Bb7 7. f3 Nc6 8. Be3 h6 9. Be2 Qd7 10. Qd2 g6 11. 0-0 Bg7 12. Rac1 Ne5 13. Nd5 a6 14. Rfd1 Rc8 15. h3 Qd8 16. b3 Ra8 17. Rf1 Rc8 18. Rce1 Nc6 19. Nc2 Kf8 20. Bd3 Ne5 21. Bd4 c5 22. Ba1 Nxd5 23. exd5 Nxd3 24. Bxg7+ Kxg7 25. Qxd3 Re8 26. Rxe8 Qxe8 27. Qc3+ Kg8 28. Re1 Qd8 29. Re4 Qg5 30. Ne3 h5 31. f4 Qd8 32. f5 Rc7 33. f6 Rc8 34. g4 h4 35. g5 Qd7 36. Ng4 Re8 37. Qe3 Rxe4 38. Qxe4 Kf8 39. Nf2 Qd8 40. Qxh4 Kg8 41. Qh6 Qf8 42. Ne4 Bc8 43. Nxd6 Qxh6 44. gxh6 Bxh3 45. Ne4 Kh7 46. Ng5+ Kxh6 47. Nxh3 Kh7 48. d6 1-0

[Event "CRO-chT"]
[Site "Pula"]
[Date "2000.09.18"]
[Round "8"]
[White "Kurajica, Bojan"]
[Black "Orenda, Omar"]
[Result "1-0"]
[WhiteElo "2534"]
[BlackElo "2165"]
[PlyCount "51"]
[EventDate "2000.09.??"]
[EventType "team"]
[EventRounds "9"]
[EventCountry "CRO"]
[SourceTitle "CBM 078 Extra"]
[Source "ChessBase"]
[SourceDate "2000.11.10"]
[SourceVersion "1"]
[SourceVersionDate "2000.11.10"]
[SourceQuality "1"]

1. c4 f5 2. g3 Nf6 3. d4 e6 4. Bg2 c6 5. Nh3 d5 6. Qc2 Bd6 7. 0-0 0-0 8. Bf4 Qe7 9. Nd2 b6 10. Rac1 Ne4 11. Nxe4 fxe4 12. Bxd6 Qxd6 13. f3 h6 14. fxe4 Rxf1+ 15. Bxf1 dxc4 16. Qxc4 Ba6 17. Qc3 Nd7 18. e5 Qe7 19. Nf4 Rc8 20. Bh3 Nf8 21. Qb3 c5 22. Nxe6 Kh8 23. Nf4 Rd8 24. Qa3 Bb5 25. dxc5 g5 26. c6 1-0